000 00730nam a2200217 u 4500
005 20220603063709.0
008 080729s1993 r 000 0 eng d
020 _a8439286775
035 _aUPN01000158460
049 _aI
050 4 _aPZ33
_bM6.6
100 1 _aMoser, Erwin,
_d1954-
_931970
245 1 0 _aManuel y Didí y el sombrero volador :
_baventuras ratoniles /
_cErwin Moser ; tr. Eladio M. Bernaldo de Quirós.
260 _aMadrid :
_bGaviota,
_c1993.
300 _a46 p. :
_bil. col.
440 0 _aGaviota-junior.
_pManuel y Didí
534 _pTítulo original :
_tManuel & Didi und der fliegende hut
650 4 _aCuentos infantiles
_96744
650 4 _aRATONES -
_vLITERATURA INFANTIL
_910248
905 _aInfantil
999 _c130574
_d130574